Khảo sát từ địa phương Thanh Chương - Nghệ An
Vấn đề chung liên quan đến đề tài. Khảo sát từ địa phương Thanh Chương - Nghệ An. Vai trò cảu từ địa phương trong ca dao Nghệ - Tĩnh
Zapisane w:
| 1. autor: | |
|---|---|
| Kolejni autorzy: | |
| Format: | Książka |
| Język: | Vietnamese |
| Wydane: |
Đại học Đà Nẵng
ĐH Sư phạm
2009
|
| Hasła przedmiotowe: | |
| Etykiety: |
Dodaj etykietę
Nie ma etykietki, Dołącz pierwszą etykiete!
|
| Thư viện lưu trữ: | Mạng thư viện Đại học Đà Nẵng |
|---|
| LEADER | 01425nam a2200361 4500 | ||
|---|---|---|---|
| 001 | 000010942 | ||
| 003 | 7166 | ||
| 005 | 20120203140223.0 | ||
| 008 | 111223s2009 viesd | ||
| 041 | |a vie | ||
| 072 | |a Khóa luận tốt nghiệp | ||
| 082 | |a 495.92259742 |b PH-H | ||
| 100 | |a Phạm, Thị Thúy Hằng | ||
| 245 | |a Khảo sát từ địa phương Thanh Chương - Nghệ An |c Phạm Thị Thúy Hằng | ||
| 260 | |a Đại học Đà Nẵng |b ĐH Sư phạm |c 2009 | ||
| 300 | |a 66 tr. |c 29 cm | ||
| 500 | |a Khóa luận tốt nghiệp khoa Ngữ văn | ||
| 520 | |a Vấn đề chung liên quan đến đề tài. Khảo sát từ địa phương Thanh Chương - Nghệ An. Vai trò cảu từ địa phương trong ca dao Nghệ - Tĩnh | ||
| 653 | |a Từ địa phương | ||
| 653 | |a Thanh Chương | ||
| 653 | |a Nghệ An | ||
| 653 | |a Ngôn ngữ | ||
| 700 | |a Cao Thị Thanh Bình |c Th.S |e Hướng dân | ||
| OWN | |a LSP | ||
| AVA | |a UDN50 |b LSP |d 495.92259742 PH-H |e available |t Error 5001 Not defined in file expand_doc_bib_avail. |f 1 |g 0 |h N |i 0 |k 1 | ||
| 999 | |a From the UDN01 | ||
| AVA | |a UDN50 |b LSP |d 495.92259742 PH-H |e available |t Error 5001 Not defined in file expand_doc_bib_avail. |f 1 |g 0 |h N |i 0 |k 1 | ||
| TYP | |a Monograph | ||
| TYP | |a Printed language | ||
| 980 | |a Mạng thư viện Đại học Đà Nẵng | ||